000 00692nam a2200265 i 4500
001 C2-0104686
003 PPAK
005 20180727101140.0
008 970604s1989 nyu |||| ||||| | eng d
020 _a0130506265
040 _aPPAK
_beng
_cPPAK
_erda
082 0 4 _a523.1
_223
090 0 0 _a523.1
_bWRI
_dR
100 1 _aWright, Alan,
_eauthor
245 1 0 _aAt the edge of the universe
264 1 _aNew York :
_bEllis Horwood ,
_c1989
300 _a230 pages ;
_c24 cm
336 _2rdacontent
_atext
337 _2rdamedia
_aunmediated
338 _2rdacarrier
_avolume
500 _aIncludes bibliography and index
650 1 0 _aCosmology
700 _eauthor
942 _ddc
_cB
999 _c25045
_d25045